|
|
|
|
| LEADER |
00000ny a22000003n 4500 |
| 005 |
2011060906576.0 |
| 008 |
030204s2006 sp 001 0 spa c |
| 020 |
|
|
|a 9788484940531
|
| 035 |
|
|
|a 1314
|
| 040 |
|
|
|a SpMaUCDE
|d vLex
|
| 080 |
|
|
|a 336.2:346.92(460)
|
| 090 |
|
|
|c 618
|d 618
|
| 100 |
1 |
|
|a Garca̕ Calvente, Yolanda
|
| 245 |
1 |
4 |
|a Las notificaciones en el derecho tributario
|h [Recurso electrn̤ico]
|c Yolanda Garca̕ Calvente
|
| 256 |
|
|
|a Servicio en ln̕ea
|
| 260 |
|
|
|a Madrid :
|b EDERSA,
|c 2006
|
| 300 |
|
|
|a p. ;
|c cm.
|
| 506 |
1 |
|
|a Contenido solo disponible en los productos indicados
|d vLex Global
|d vLex Global (Academic Edition, excluding Law Schools)
|d vLex Global (U.S. Academic Edition, Law Schools)
|d vLex Global (U.S. Academic Edition, excluding Law Schools)
|d vLex Global (Academic Edition, Law Schools)
|
| 650 |
0 |
7 |
|a Notificacin̤
|2 Tesauro vLex
|
| 650 |
0 |
7 |
|a Procesal
|2 Tesauro vLex
|
| 650 |
0 |
7 |
|a Tributario
|2 Tesauro vLex
|
| 650 |
0 |
7 |
|a Derecho tributario
|2 Tesauro vLex
|
| 740 |
0 |
|
|a vLex Libros (Servicios en ln̕ea)
|
| 856 |
4 |
0 |
|u http://vlex.com/source/1314
|z Acceso restringido
|
| 942 |
|
|
|c BOOK
|
| 999 |
0 |
|
|a Procedure Law
|b Madrid
|